000 00687nam a2200253Ia 4500
003 OSt
005 20220918163210.0
006 a|||||r|||| 00| 0
007 ta
008 220917b |||||||| |||| 00| 0 eng d
020 _a0 236 31028 3
024 _a30,994
037 _cTextual
040 _aARTS
_cARTS
_beng
041 _2eng
_aeng
082 _aO111,3M74:g, L5
100 _aBoyd Ian
_911963
245 0 _aNovels fo G K Chesterton
_b a study in art and propaganda
260 _aLondon
_bPaul Elek UK
_c1975
300 _axii,241p.
_ccm.
650 _aENGLISH LITERATURE
942 _hO111,3M74:g, L5
_cTEXL
_2CC
999 _c118408
_d118408